00350cam a22001217a 4500008004000000082001600040100002100056245006100077260003000138300001000168650002600178650002400204180718b1979 xxu||||| |||| 00| 0 eng d aK18x54 R213 aRay, Symal Kumar aIndian bureaucracy at the crossroadscby Symal Kumar Ray aNew DelhibSterlingc1979 a407p. aCivil service - India aBureaucracy - India